000 00921nam a22003017a 4500
003 DO-SdBNP
005 20180223095919.0
008 151130b 2002 sp a || 00| 0 spa d
020 _a842460024X
040 _aBPMSU
_bspa
_cBPMSU
041 1 7 _aesa
_hita
092 _axxxx
_bxxxx
100 1 _aRodari, Gianni,
_e1920-1980.
240 1 0 _aLe avventure di Tonino l'invisible.
_lEspañol
245 1 0 _aLas aventuras de Tonino el invisible /
_cGianni Rodari ; ilustraciones Joan Antoni Poch ; traducción Angelina Gatell
250 _a2ª ed.
260 _aBarcelona :
_bLa Galera,
_c2002.
300 _a181 p. :
_bil. ;
_c21 cm.
490 1 _aGrumetes
_v11
521 _aA partir de 10 años.
700 1 2 _aPoch, Joan Antoni
_eil.
700 1 2 _aGatell, Angelina,
_etr.
830 0 _aGrumetes
_n11
910 _a00260
942 _2ddc
_cBK
945 _aInventariado, 2018/ YL
956 _aLorenza Pérez
_b10
999 _c8965
_d8965